000 00888cam a2200133 4500500
005 20251214002608.0
041 _afre
042 _adc
100 1 0 _aGardes Tamine, Joëlle
_eauthor
245 0 0 _aLa grammaire T2 : Syntaxe
260 _bArmand Colin,
_c2018.
520 _aCe précis de grammaire est un classique dans les études de lettres. Il décrit le fonctionnement de la langue éclairé par la réflexion linguistique. La clarté de la démarche en fait un véritable aide-mémoire. Les exposés théoriques sont assortis d’exercices corrigés qui permettent de mettre en pratique les notions à l’étude et de développer ainsi sa propre réflexion. Ils forment de solides entraînements aux étudiants pour préparer les questions de grammaire aux concours.
856 4 1 _uhttps://shs.cairn.info/la-grammaire-t2--9782200621964?lang=fr&redirect-ssocas=7080
999 _c1567207
_d1567207